History Geniuses Quiz - Statistics

General Stats
  • This quiz has been taken 213 times
  • The average score is 3 of 12
Answer Stats
Hint Answer % Correct
Everyone knows Istanbul was once Constantinople, but what was it before that? Byzantium
74%
What's the capital of Tajikistan? Dushanbe
36%
Speaking of Mexico, which of the 7 Wonders of the World is located in Mexico? Chichen Itza
35%
Who lived in Timbuktu? (Hint; it wasn't the Mexicans) Malians
29%
Who were those guys that built the colossal heads? Rapa Nui
29%
Not those ones the ones in Mexico or something like that! Olmecs
27%
The often forgotten mountains in between the Rocky's and the Appalachian's Ozarks
22%
Japan isn't and island, but Kyushu is. What is the largest city on it? Fukuoka
11%
What was Charles' nickname? You know Charles the guy from Tours? The Hammer
11%
What was the first capital of your cushioned footstool? (That's a riddle) Bursa
5%
Who killed the Kwharizms and was Genghis Khan's greatest general? Subotai
5%
Detroit is in my home state. Detroit is the capital of? Wayne County
3%
No matching quizzes found
Score Distribution
Percent of People with Each Score
Percentile by Number Answered
Your Score History
You have not taken this quiz